000 00504nam a2200169 4500
001 537
008 750325s1974 eng u
010 _a72-79655
020 _a0060110929
035 _a1520019
100 1 _aDrucker, Peter F.
_q(Peter Ferdinand),
_d1909-2005.
245 1 0 _aManagement: tasks, responsibilities, practices /
_cPeter F. Drucker.
260 _aNew York :
_bHarper & Row,
_c1974.
300 _axvi, 839 p. ;
_c24 cm.
504 _aBibliography: p. 813-818.
650 0 _aManagement.
999 _c409
_d409